• 首页
  • 本馆介绍
  • 公告通知
  • 最新文献
  • 馆藏检索
  • 电子资源
  • 读者导购
  • 参考咨询
  • 我的图书馆
  • 登录
  • 详细信息显示
  • 放入我的书架
  • 预约/预借图书
  • 作者相关作品
  • 分类相关作品
  • 丛书相关作品
  • 出版社相关作品

书目信息

  • 表格格式
  • 工作单格式
  • 卡片格式
题名:
赢在口才
    
 
作者: 王峰 编著
分册:  
出版信息: 北京   中国华侨出版社  2005
页数: 261页
开本: 23cm
丛书名:
单 册:
中图分类: H019-49
科图分类:
主题词: 口才学--通俗读物
电子资源:
ISBN: 7-80222-003-3
000 01181nam0 2200313 450
000 01144nam0 2200301 450
000 01142nam0 2200313 450
000 01088nam0 2200289 450
000 01106nam0 2200277 450
000 01069nam0 2200265 45
001 TS2006046897
005 20061226161859.53
010    @a7-80222-003-3@dCNY24.80
100    @a20060829d2005 em y0chiy0110 ea
101 0  @achi
102    @aCN@b110000
105    @ay z 000yy
200 1  @a赢在口才@Aying zai kou cai@e把话说好、说透是一种本事@EBa Hua Shuo Hao、 Shuo Tou Shi Yi Zhong Ben Shi@f王峰编著@FWang Feng Bian Zhu
210    @a北京@c中国华侨出版社@d2005
215    @a261页@d23cm
330    @a本书列举了大量因口才而成功或失败的实例和理念,挑选了许多谈话的技巧和秘诀,从个人、企业、生活、工作等不同的侧面讲述了口才的话题。
517 1  @a把话说好、说透是一种本事@ABa Hua Shuo Hao、 Shuo Tou Shi Yi Zhong Ben Shi
606 0  @a口才学@x通俗读物
690    @aH019-49@v4
701  0 @a王峰@Awang feng@4编著
801  0 @aCN@b中图数据@c20061226
905    @a10447@dH019-49@e106
    
    赢在口才:把话说好、说透是一种本事/王峰编著.-北京:中国华侨出版社,2005
    261页;23cm
    
    
    ISBN 7-80222-003-3:CNY24.80
    本书列举了大量因口才而成功或失败的实例和理念,挑选了许多谈话的技巧和秘诀,从个人、企业、生活、工作等不同的侧面讲述了口才的话题。
●
相关链接 在E读中查询图书 在五车中查询图书 在当当中查询图书 在豆瓣中查询图书


正题名:赢在口才     索取号:H019-49/106         预约/预借

序号 登录号 条形码 馆藏地/架位号 状态 备注
1 0606518   206065185   第二样本阅览室/ [索取号:H019-49/106] 在馆    
2 0606519   206065194   第四借阅区/ [索取号:H019-49/106] 在馆    
3 0606520   206065201   第四借阅区/ [索取号:H019-49/106] 在馆    
4 0606521   206065210   第四借阅区/ [索取号:H019-49/106] 在馆    
5 0606522   206065229   第四借阅区/ [索取号:H019-49/106] 在馆    
唐山师范学院图书馆 欢迎您!
大连网信软件有限公司© 版权所有